Gegants emblemàtics de Catalunya - Statistics

General Stats
  • This quiz has been taken 37 times
  • The average score is 21 of 32
Answer Stats
Picture Answer % Correct
Barcelona
100%
Lleida
96%
Mataró
91%
Tarragona
91%
Reus
87%
Berga
83%
Girona
78%
Sitges
78%
Solsona
78%
Valls
78%
Vilafranca
78%
Vilanova i la Geltrú
78%
Olot
74%
Montblanc
70%
Santa Maria del Mar
70%
Castellterçol
65%
Les Borges Blanques
65%
Vic
65%
Tortosa
61%
Capellades
57%
L'Arboç
57%
Sant Joan de les Abadesses
57%
Ulldecona
57%
Cassà de la Selva
52%
Catalunya
52%
Tivissa
52%
Tàrrega
48%
Torroella de Montgrí
48%
Matadepera
43%
La Pobla de Segur
35%
Sant Feliu de Pallerols
35%
Carrer de Viserta, Monistrol de Montserrat
13%
No matching quizzes found
Score Distribution
Percent of People with Each Score
Percentile by Number Answered
Your Score History
You have not taken this quiz